Quizzes
Events
Quiz Creation
Community
Videos
Private Events
Remove Ads
Sign In
Join for FREE
Feedback
Dark Mode
Quiz Categories
Sports
Geography
Music
Movies
Television
Just For Fun
Miscellaneous
History
Literature
Language
Science
Gaming
Entertainment
Religion
Holiday
For Kids
Quiz Lab
Recent
Popular Today
Quiz Kudos Today
Editor Picks
Curator Picks
Quizzes by...
Day
Popularity
Type
Ratings
Length
Year
Community
Subscriptions
Recent Discussions
Orange Saloon
Badges
Playlists
Quests
Create
Leaderboards
Showdown
Live 5
Trivia Bingo
Activity
Puzzle Library
Sporcle Events
Private Events
Virtual Trivia
Globe League
Become a Host
Pub Owners
SporcleCon
Opinionation
Our Games
Videos
Blog
Mobile Apps
Partnerships
Remove Ads and Go Orange
Feedback
Movies
Disney
Marvel Cinematic Universe
Movie Resume
Movie Titles
Oscar
Actor
Actress
Director
Pixar
Role
Movie Quotes
Movie Characters
Box Office
Nominee
Best Picture
Star Wars
James Bond
Horror Movies
Movies
Disney
Marvel Cinematic Universe
Movie Resume
Movie Titles
Oscar
Actor
Actress
Director
Pixar
Role
Movie Quotes
Movie Characters
Box Office
Nominee
Best Picture
Star Wars
James Bond
Horror Movies
Random Quiz
Search Sporcle
×
Quiz Lab
Quiz Lab
Movies
Disney
Type in answers that appear in a list
Type in answers that appear in a list
Classic
Best Score? Go Orange.
Disney Villain by Sidekick Stats
Can you name the Disney Villain by Sidekick?
By
Vibo
3m
25 Questions
739 Plays
739 Plays
739 Plays
Comments
Comments
Give Quiz Kudos
Give Quiz Kudos
-
- Ratings
hide this ad
Random Order
Randomize order of answers
Randomize order of answers
Replay
Link that replays current quiz
Next Quiz
Link to next quiz in quiz playlist
You Got
0%
They Got
Avg Score
59%
Avg Friend Score
Upgrade to see
Score Distribution
Jump to the score distribution portion of the page
Score
0/25
Timer
03:00
0
Plays Today
Sidekick
Villain
% Correct
Iago
Jafar
91.3%
Shenzi, Banzai, and Ed
Scar
90%
Smee
Captain Hook
88.5%
Pain and Panic
Hades
85.4%
Jetsam and Flotsam
Ursula
84.6%
Anastasia and Drizella
Lady Tremaine
82.2%
Lefou
Gaston
81%
Kronk
Yzma
79.3%
Jasper and Horace
Cruella De Vil
78.2%
Sir Hiss
Prince John
76.2%
Wiggins
Governor Ratcliffe
61.2%
Diablo
Maleficent
56.2%
Chief
Amos Slade
49.7%
Sidekick
Villain
% Correct
Fidget
Ratigan
47.6%
Mr Snoops
Madame Medusa
47.6%
Alpha
Charles Muntz
46.6%
Mirage
Syndrome
46.6%
Gideon
John Worthingthon 'Honest John' Foulfellow
44.4%
Roscoe and Desoto
Sykes
44.3%
Joanna
Percival C. McLeach
43.4%
Molt
Hopper
40.2%
Lawrence
Dr Facilier
38.1%
Creeper
Horned King
35.9%
Helga Katrina Sinclair
Commander Lyle Tiberius Rourke
30.8%
Nathaniel
Queen Narissa
29.3%
Quiz Playlist
Details
Report
Send in Message
Add To Playlist
Classic:
Type in answers that appear in a list
Random Order:
Randomize order of answers
Last Updated: Feb 16, 2017
Quiz Scoreboard
CHALLENGE
Sign Up to Join the Scoreboard
Show All
Scores
Hide
Comments
May contain spoilers
Recently Published
Movies - When Are They Set?
by FPL_Elf
Movies
5m
Popular People in 1961
by mucciniale
History
6m
1-10 Letter E Words III
by El_Dandy
Language
2m
More to Explore
Quiz From the Vault
Featured Blog Post
Where Did the Easter Bunny Come From?
hide this ad
You Might Also Like...
Tags
Disney Quiz
Villains
Today's Top Quizzes in Movies
Browse Movies
hide this ad
Today's Top Quizzes in Disney
Browse Disney
Top Contributed Quizzes in Movies
1
Multi-Oscar Nominations, One Movie, One Winner
2
12 Movies about Fictional 1960s Events
3
One Thing in Common: Movies
4
One Thing in Common: Movies II
5
Sunday Crossword: Film Score Composers
6
Three Word 'T' Movies Match Up
7
Three Word 'H' Movies Match Up
8
Three Word 'M' Movies Match Up
9
One Thing in Common: Oscars
10
Three Word 'P' Movies Match Up
Explore More
Trending Topics
Anime
NBA
Kpop
Disney
Crossword
Marvel
Harry Potter
Country
Soccer
The Office
Pokémon
Song
WWE
Puzzle
NFL
hide this ad
More By:
Vibo
Quiz
Plays
Rating
Category
Featured
Created
Disney Girl by Guy
1,312
3.29
Movies
Oct 4, 2010
Disney Villain by Sidekick
739
4.50
Movies
Oct 6, 2010
Disney Parents
622
4.00
Movies
Jul 27, 2012
Who said it? (Disney)
452
2.25
Movies
Oct 4, 2010
Who said it? (TV Edition)
143
3.00
Television
Oct 5, 2010
Go to Creator's Profile
Score Distribution
Quiz Creator Spotlight
Vibo
Follow
Send a Message
Quizzes Created
-
Created Quiz Play Count
-
More By This Creator
Popular Quizzes Today
1
Find the US States - No Outlines Minefield
2
Find the Countries of Europe - No Outlines Minefield
3
The Countries of the World
4
Popular People in 1961
5
1-10 Letter E Words III
6
US States
7
Find the US States
8
One Thing in Common: World Cities II
More Movies Quizzes
Horror Movie Characters 4x4 image grid
Curator's Pick
Trending Quizzes
Risky Map Clicking: Least Populous States A-Z
1-10 Letter F Words
Humor Books: The Subtitles
1-10 Letter G Words
One Thing in Common: United Kingdom
Recently Updated
Leaping Animals
pecheneg
Reality TV Shows (A-Z)
bhenderson79
Rickey Henderson's Hall of Fame Teammates
pecheneg
Champions League XIs: Arsenal
pecheneg
Quick Pick: Celebrities in WWE's Hall of Fame
aduchscher
A-Z Keypad Blitz II
pecheneg
Multiple Oscar Actors
pecheneg
Mystery Phrase Blitz: Oscar 'Best Actors'
pecheneg
F. Scott Fitzgerald Novels
LTH
Pick 3 Villains
ddd62291
Trending Topics
Harry Potter
Marvel
Kpop
Crossword
NBA
Disney
Anime
WWE
The Office
NFL
Country
Pokémon
Soccer
Song
Puzzle
Your Account Isn't Verified!
In order to create a playlist on Sporcle, you need to verify the email address you used during registration. Go to your
Sporcle Settings
to finish the process.
Report this User
Report this user for behavior that violates our
Community Guidelines
.
Details:
Send Report
Go to the Sporcle.com Mobile Site →
Comments